000 01784cam a2200469 i 4500
001 52838
003 KOSZ 005
005 20221230114401.0
008 071216s2005 pl a f f |000 0 pol
020 _a8320815509
020 _a8320815487
040 _cKOSZ 005/HR
_aKOSZ 005/HR
_dKOSZ 005/HR
041 1 _apol
_heng
080 _a658.14/.17
080 _a336.76
080 _a(075.8)
100 1 _aBrigham, Eugene F.
_d(1930- )
_eAutor
245 1 0 _aPodstawy zarządzania finansami.
_n2 /
_cEugene F. Brigham, Joel F. Houston ; red. nauk. przekł. Ryszard Kokoszczyński ; tł. Ryszard Kokoszczyński, Tomasz Pietrzak, Antoni Stolarek.
246 1 _iTyt. oryg.:
_aFundamentals of financia management
260 _aWarszawa :
_bPolskie Wydawnictwo Ekonomiczne,
_c2005.
300 _a419 s. :
_bil. ;
_c24 cm.
336 _2rdacontent
_aTekst
_btxt
337 _2rdamedia
_aBez urządzenia pośredniczącego
_bn
338 _2rdacarrier
_aWolumin
_bnc
380 _aKsiążki
388 _a2001-
500 _aTyt. oryg. : "Fundamentals of financia management" 2004.
504 _aIndeks.
521 8 _aPodręcznik akademicki.
650 4 _aFinanse przedsiębiorstwa
650 4 _aRynek finansowy
650 4 _aZarządzanie finansami
655 4 _aPodręczniki akademickie
658 _aGospodarka, ekonomia, finanse
700 1 _aHouston, Joel F.
_eAutor
700 1 _aKokoszczyński, Ryszard
_eTłumaczenie
700 1 _aPietrzak, Tomasz
_eTłumaczenie
710 2 _aPolskie Wydawnictwo Ekonomiczne
_4pbl.
700 1 _aStolarek, Antoni
_eTłumaczenie
856 _uhttp://koha.tu.koszalin.pl/cgi-bin/koha/opac-detail.pl?biblionumber=52838
_yKatalog online BPK
942 _cKS
_2UKD
999 _c52838
_d52838